书目信息 |
| 题名: |
环境统计
|
|
| 作者: | 蔡宝森 编 | |
| 分册: | ||
| 出版信息: | 武汉 武汉工业大学出版社 1998.08 |
|
| 页数: | 235页 | |
| 开本: | 16开 | |
| 丛书名: | ||
| 单 册: | ||
| 中图分类: | ||
| 科图分类: | ||
| 主题词: | 环境数学 | |
| 电子资源: | ||
| ISBN: | 7-5629-1333-1 | |
| 000 | 00538nam0 2200205 45 | |
| 001 | 9912101448 | |
| 005 | 19991210145501.9 | |
| 010 | @a7-5629-1333-1@d20.00元 | |
| 100 | @a19991210d1998 km y0chiy0120 ea | |
| 101 | @achi | |
| 105 | @a z 000yy | |
| 200 | 1 | @a环境统计@AHuan Jing Tong Ji@f蔡宝森编@FCai Bao Sen Bian |
| 210 | @a武汉@c武汉工业大学出版社@d1998.08 | |
| 215 | @a235页@d16开 | |
| 606 | 0 | @a环境数学 |
| 690 | @v3 | |
| 690 | @aX11 | |
| 701 | @a蔡宝森@4编 | |
| 801 | @aCN@bPFTUser@c19991210 | |
| 905 | @f2@b46638-639@dX11@eC777 | |
| 环境统计/蔡宝森编.-武汉:武汉工业大学出版社,1998.08 |
| 235页;16开 |
| ISBN 7-5629-1333-1:20.00元 |
| ● |
| 相关链接 |
|
|
|
正题名:环境统计
索取号:X11/C777
 
预约/预借
| 序号 | 登录号 | 条形码 | 馆藏地/架位号 | 状态 | 备注 |
| 1 | 46638 | 200466389 | 期刊室512/501自科库 92排2列2层/ [索取号:X11/C777] | 在馆 | |
| 2 | 46639 | 200466398 | 期刊室512/501自科库 92排2列2层/ [索取号:X11/C777] | 在馆 |